Estatísticas para Cultura Geral

Clique aqui para jogar o quiz

Estatísticas Gerais

  • Esse quiz foi jogado 25 vezes
  • A pontuação média é 7 de 15

Estatísticas das Respostas

HintResposta% Correto
Quem é o agente 007?James Bond
86%
Qual país sul-americano tem as maiores reservas comprovadas de petróleo do mundo, ainda mais do que a Arábia Saudita?Venezuela
82%
O que, segundo o clichê, é um prato que se come frio?Vingança
82%
O que são glicose, frutose e sacarose?Açúcar
68%
Que tipo de triângulo tem lados de três comprimentos diferentes?Escaleno
59%
Que país fica na fronteira sul do Egito?Sudão
59%
Que animal você pode contar se não consegue dormir?Carneiros
55%
Que nome de artrópode significa literalmente "cem pés"?Centopeia
50%
In what city would you find the neighborhood of Gangnam, made famous by the song "Gangnam Style"?Seul
41%
Que povo foi o primeiro a usar anéis nos dedos?Egípcios
23%
Em que país você encontraria a cidade de Kalamata, famosa por suas azeitonas?Grécia
23%
Que nome se dá arte de produção de jóias?Joalheria
23%
Que país celebra o feriado Tết?Vietnã
23%
Que sopa espanhola popular é à base de tomate e servida fria?Gaspacho
14%
Qual é o ingrediente principal do molho marinara?Tomates
5%

Distribuição das Pontuações

Percentil de Números Respondidos

Porcentagem de Pessoas com Cada Pontuação

Sua Pontuação Histórica

Você não jogou esse quiz